[Event "BL2-Sued 1516"]
[Site "Germany"]
[Date "2016.01.31"]
[Round "6.7"]
[White "Werner, Marc"]
[Black "Bewersdorff, Oliver"]
[Result "1/2-1/2"]
[WhiteElo "2308"]
[BlackElo "2286"]
[PlyCount "38"]
[EventDate "2015.09.20"]
[EventType "team-tourn"]
[EventRounds "9"]
[EventCountry "GER"]
[SourceTitle "EXT 2017"]
[Source "ChessBase"]
[SourceDate "2016.10.25"]
[SourceVersion "1"]
[SourceVersionDate "2016.10.25"]
[SourceQuality "1"]
[WhiteTeam "Schoenaich"]
[BlackTeam "Schott Mainz"]
[WhiteTeamCountry "GER"]
[BlackTeamCountry "GER"]

1. e4 e5 2. Nf3 Nc6 3. Bb5 a6 4. Ba4 Nf6 5. 0-0 Be7 6. Re1 b5 7. Bb3 d6 8. c3 0-0 9. h3 Nb8 10. d4 Nbd7 11. Nbd2 Bb7 12. Bc2 Re8 13. Nf1 Bf8 14. Ng3 g6 15. b3 c6 16. a4 Qc7 17. Ba3 Rad8 18. axb5 axb5 19. dxe5 dxe5 1/2-1/2

[Event "Oberliga Wuerttemberg 1011"]
[Site "Wuerttemberg"]
[Date "2011.03.13"]
[Round "7"]
[White "Werner, Marc"]
[Black "Schmid, Hartmut"]
[Result "1-0"]
[WhiteElo "2344"]
[BlackElo "2183"]
[PlyCount "68"]
[EventDate "2010.09.26"]
[EventType "team-tourn"]
[EventRounds "9"]
[EventCountry "GER"]
[SourceTitle "EXT 2019"]
[Source "ChessBase"]
[SourceDate "2018.10.10"]
[SourceVersion "1"]
[SourceVersionDate "2018.10.10"]
[SourceQuality "1"]
[WhiteTeam "Bebenhausen"]
[BlackTeam "Stuttgart SF II"]
[WhiteTeamCountry "GER"]
[BlackTeamCountry "GER"]

1. e4 c6 2. d4 d5 3. e5 Bf5 4. Be3 e6 5. Nd2 Nd7 6. Ngf3 Ne7 7. Be2 c5 8. c3 Nc6 9. 0-0 Be7 10. dxc5 Bxc5 11. Bxc5 Nxc5 12. Bb5 0-0 13. b4 Nd7 14. Qe2 f6 15. Bxc6 bxc6 16. h3 Qe7 17. Rfe1 c5 18. a3 Rae8 19. Qe3 Rc8 20. Rac1 fxe5 21. Nxe5 Nf6 22. Nb3 d4 23. cxd4 Nd5 24. Qd2 cxb4 25. Nc6 Rxc6 26. Rxc6 bxa3 27. Nc5 Qh4 28. Nxe6 Bxe6 29. Rcxe6 Nf4 30. Re8 Rxe8 31. Rxe8+ Kf7 32. Re5 Qf6 33. Qa2+ Kg6 34. Qxa3 Qc6 1-0

[Event "Oberliga Wuerttemberg 1011"]
[Site "Wuerttemberg"]
[Date "2010.09.26"]
[Round "1"]
[White "Hirneise, Jens"]
[Black "Werner, Marc"]
[Result "1-0"]
[WhiteElo "2276"]
[BlackElo "2344"]
[PlyCount "59"]
[EventDate "2010.09.26"]
[EventType "team-tourn"]
[EventRounds "9"]
[EventCountry "GER"]
[SourceTitle "EXT 2019"]
[Source "ChessBase"]
[SourceDate "2018.10.10"]
[SourceVersion "1"]
[SourceVersionDate "2018.10.10"]
[SourceQuality "1"]
[WhiteTeam "Deizisau"]
[BlackTeam "Bebenhausen"]
[WhiteTeamCountry "GER"]
[BlackTeamCountry "GER"]

1. e4 c5 2. Nf3 d6 3. d4 cxd4 4. Nxd4 Nf6 5. Nc3 Nc6 6. Bg5 e6 7. Qd2 a6 8. 0-0-0 h6 9. Be3 Nxd4 10. Bxd4 b5 11. f3 Be7 12. Kb1 Qc7 13. Be3 Bb7 14. Ne2 d5 15. e5 Nd7 16. f4 Nc5 17. Nd4 Ne4 18. Qe1 b4 19. Bd3 Bc5 20. f5 Qxe5 21. fxe6 fxe6 22. Rf1 Rf8 23. Bxe4 Qxe4 24. Rxf8+ Bxf8 25. Qg3 0-0-0 26. Bf4 Bc5 27. Be5 Bxd4 28. Rxd4 Qe2 29. a3 Rd7 30. Qf4 1-0

[Event "Oberliga Wuerttemberg 0910"]
[Site "Wuerttemberg"]
[Date "2009.11.15"]
[Round "3.3"]
[White "Weigand, Bernhard"]
[Black "Werner, Marc"]
[Result "1/2-1/2"]
[WhiteElo "2287"]
[BlackElo "2297"]
[PlyCount "48"]
[EventDate "2009.10.11"]
[EventType "team-tourn"]
[EventRounds "9"]
[EventCountry "GER"]
[SourceTitle "EXT 2019"]
[Source "ChessBase"]
[SourceDate "2018.10.10"]
[SourceVersion "1"]
[SourceVersionDate "2018.10.10"]
[SourceQuality "1"]
[WhiteTeam "Deizisau"]
[BlackTeam "Bebenhausen"]
[WhiteTeamCountry "GER"]
[BlackTeamCountry "GER"]

1. e4 c5 2. b3 b6 3. Bb2 Bb7 4. Nc3 e6 5. g3 d5 6. exd5 Nf6 7. Bg2 exd5 8. Nge2 Be7 9. 0-0 0-0 10. d4 Na6 11. dxc5 Nxc5 12. Nf4 d4 13. Nce2 Bxg2 14. Kxg2 g5 15. Nh3 Qd5+ 16. f3 d3 17. cxd3 Nxd3 18. Bd4 Nc5 19. Qd2 Ne6 20. Rad1 Rad8 21. Qb2 Qf5 22. Bg1 g4 23. Rxd8 Rxd8 24. Nhf4 Ng5 1/2-1/2

[Event "Recklinghausen op 15th"]
[Site "Recklinghausen"]
[Date "2005.08.05"]
[Round "5"]
[White "Werner, Marc"]
[Black "Sharma, Dinesh Kumar"]
[Result "0-1"]
[WhiteElo "2361"]
[BlackElo "2369"]
[PlyCount "92"]
[EventDate "2005.08.01"]
[EventType "swiss"]
[EventRounds "7"]
[EventCountry "GER"]
[SourceTitle "CBM 107 Extra"]
[Source "ChessBase"]
[SourceDate "2005.09.01"]
[SourceVersion "1"]
[SourceVersionDate "2005.09.01"]
[SourceQuality "1"]

1. d4 f5 2. e4 fxe4 3. Nc3 Nf6 4. Bg5 Nc6 5. d5 Ne5 6. Qd4 d6 7. Nxe4 c6 8. c4 cxd5 9. cxd5 Qa5+ 10. Nc3 Bd7 11. Bd2 Qd8 12. f4 Nf7 13. Nf3 g6 14. Bb5 Bg7 15. Bxd7+ Qxd7 16. Ng5 Nxg5 17. fxg5 Qg4 18. Qd3 Nd7 19. 0-0 Qd4+ 20. Qxd4 Bxd4+ 21. Kh1 Bxc3 22. Bxc3 Rf8 23. Bg7 Rf7 24. Bd4 Rxf1+ 25. Rxf1 Rc8 26. h3 Rc4 27. Rd1 a6 28. Kh2 Nc5 29. Bxc5 Rxc5 30. Rd3 Rc2 31. Rb3 b5 32. Ra3 Rxb2 33. Rxa6 Rd2 34. Ra5 Rxd5 35. a4 Rxg5 36. axb5 Kd7 37. Ra7+ Ke6 38. Rb7 d5 39. Rb6+ Kd7 40. Rb7+ Kd8 41. Rb8+ Kc7 42. Rh8 h5 43. Rg8 d4 44. Rg7 Kd7 45. b6 d3 46. b7 Rb5 0-1

[Event "Oberliga Wuerttemberg 0304"]
[Site "Wuerttemberg"]
[Date "2003.12.07"]
[Round "4.1"]
[White "Weigand, Bernhard"]
[Black "Werner, Marc"]
[Result "1/2-1/2"]
[WhiteElo "2280"]
[BlackElo "2360"]
[PlyCount "81"]
[EventDate "2003.09.28"]
[EventType "team"]
[EventRounds "9"]
[EventCountry "GER"]
[SourceTitle "EXT 2006"]
[Source "ChessBase"]
[SourceDate "2005.11.24"]
[SourceVersion "1"]
[SourceVersionDate "2005.11.24"]
[SourceQuality "1"]
[WhiteTeam "Sindelfingen"]
[BlackTeam "Bebenhausen"]
[WhiteTeamCountry "GER"]
[BlackTeamCountry "GER"]

1. e4 c5 2. Nf3 e6 3. b3 b6 4. Bb2 Bb7 5. Nc3 a6 6. Bd3 Qc7 7. 0-0 d6 8. Re1 Nd7 9. Ne2 Ngf6 10. Ng3 Ne5 11. Nxe5 dxe5 12. Nh5 Nd7 13. Qe2 g6 14. Ng3 Bg7 15. a4 0-0 16. Bc4 Nb8 17. Rad1 Nc6 18. c3 Rfd8 19. Bd3 Rd6 20. Bc2 Rad8 21. Nf1 Qd7 22. Qe3 h5 23. Bc1 Kh7 24. d3 Qc7 25. h3 a5 26. g4 hxg4 27. hxg4 Ba6 28. Kg2 Qd7 29. Qh3+ Kg8 30. Ng3 f6 31. Bh6 Bxh6 32. Qxh6 Qg7 33. Qe3 g5 34. Nh5 Qf7 35. Rh1 Ne7 36. Rd2 Ng6 37. Rhd1 Nf4+ 38. Nxf4 exf4 39. Qh3 e5 40. Rh1 Kf8 41. c4 1/2-1/2

[Event "Oberliga Wuerttemberg 0304"]
[Site "Wuerttemberg"]
[Date "2003.10.26"]
[Round "2.1"]
[White "Vujic, Branimir"]
[Black "Werner, Marc"]
[Result "1/2-1/2"]
[WhiteElo "2297"]
[BlackElo "2360"]
[PlyCount "115"]
[EventDate "2003.09.28"]
[EventType "team"]
[EventRounds "9"]
[EventCountry "GER"]
[SourceTitle "EXT 2006"]
[Source "ChessBase"]
[SourceDate "2005.11.24"]
[SourceVersion "1"]
[SourceVersionDate "2005.11.24"]
[SourceQuality "1"]
[WhiteTeam "Pfullingen"]
[BlackTeam "Bebenhausen"]
[WhiteTeamCountry "GER"]
[BlackTeamCountry "GER"]

1. d4 Nf6 2. Bf4 e6 3. e3 b6 4. Nd2 Bb7 5. Ngf3 Be7 6. Bd3 Nh5 7. Bg3 d6 8. c3 Nd7 9. Qc2 h6 10. 0-0-0 c5 11. dxc5 Nxg3 12. hxg3 bxc5 13. Bb5 a6 14. Bxd7+ Qxd7 15. Nc4 Qc7 16. e4 0-0-0 17. a4 Kb8 18. a5 Qc6 19. Rhe1 Qb5 20. b3 Rhe8 21. Kb2 f6 22. Ra1 d5 23. exd5 exd5 24. Nb6 Bd6 25. c4 dxc4 26. Nxc4 Bc7 27. Qc3 Bd5 28. Rxe8 Rxe8 29. Re1 Rxe1 30. Nxe1 Bxc4 31. Qxc4 Qxc4 32. bxc4 Kb7 33. Nd3 Kc6 34. Nf4 Bxa5 35. g4 Be1 36. Nd3 Ba5 37. Nf4 Be1 38. Nd3 Ba5 39. Nf4 Bc7 40. Nd5 Be5+ 41. Kb3 Bd4 42. f3 Bf2 43. Nf4 Bd4 44. Ka4 Bc3 45. Nh5 g5 46. Ng3 Be5 47. Nf5 Bc3 48. Ne7+ Kd6 49. Nd5 Be1 50. Nxf6 Ke5 51. Ng8 Kf4 52. Nxh6 Kg3 53. Nf7 Bd2 54. Nxg5 Bxg5 55. Ka5 Kxg2 56. Kxa6 Kxf3 57. Kb5 Kxg4 58. Kxc5 1/2-1/2

[Event "BL2-Sued 0102"]
[Site "Germany"]
[Date "2002.02.03"]
[Round "5.3"]
[White "Werner, Marc"]
[Black "Spiegel, Stefan"]
[Result "1-0"]
[WhiteElo "2364"]
[BlackElo "2313"]
[PlyCount "85"]
[EventDate "2001.10.07"]
[EventType "team-tourn"]
[EventRounds "9"]
[EventCountry "GER"]
[SourceTitle "CBM 088 Extra"]
[Source "ChessBase"]
[SourceDate "2002.07.01"]
[SourceVersion "2"]
[SourceVersionDate "2002.07.01"]
[SourceQuality "1"]
[WhiteTeam "Bebenhausen"]
[BlackTeam "Viernheim"]
[WhiteTeamCountry "GER"]
[BlackTeamCountry "GER"]

1. e4 Nf6 2. e5 Nd5 3. d4 d6 4. Nf3 Bg4 5. Be2 Nc6 6. c4 Nb6 7. exd6 exd6 8. d5 Bxf3 9. Bxf3 Ne5 10. Be2 Be7 11. 0-0 0-0 12. Na3 Bf6 13. Rb1 a5 14. b3 Re8 15. Nb5 Ned7 16. Be3 Nc5 17. Re1 Nbd7 18. Qc2 Rc8 19. Bg4 Ra8 20. Rbd1 g6 21. a3 Bg7 22. b4 axb4 23. axb4 Ne4 24. Bf3 Nef6 25. h3 Re7 26. g3 Ne8 27. Bg2 Ra6 28. c5 Ne5 29. f4 Nd7 30. c6 bxc6 31. dxc6 Nf8 32. Nc3 Qa8 33. Nd5 Re6 34. Re2 Qb8 35. Qc4 Ra3 36. Bf2 Nf6 37. b5 Nxd5 38. Bxd5 Rc3 39. Bxe6 Nxe6 40. Qd5 Qa8 41. Rde1 Nf8 42. Re7 Ne6 43. R1xe6 1-0

[Event "BL2-Sued 0102"]
[Site "Germany"]
[Date "2002.01.20"]
[Round "4.3"]
[White "Schenk, Andreas"]
[Black "Werner, Marc"]
[Result "1-0"]
[WhiteElo "2455"]
[BlackElo "2364"]
[PlyCount "51"]
[EventDate "2001.10.07"]
[EventType "team-tourn"]
[EventRounds "9"]
[EventCountry "GER"]
[SourceTitle "CBM 088 Extra"]
[Source "ChessBase"]
[SourceDate "2002.07.01"]
[SourceVersion "2"]
[SourceVersionDate "2002.07.01"]
[SourceQuality "1"]
[WhiteTeam "Baden Oos"]
[BlackTeam "Bebenhausen"]
[WhiteTeamCountry "GER"]
[BlackTeamCountry "GER"]

1. d4 d5 2. c4 c6 3. Nc3 Nf6 4. e3 e6 5. b3 Nbd7 6. Bb2 b6 7. Nf3 Bb7 8. Bd3 Bd6 9. 0-0 0-0 10. Qe2 Re8 11. Rfd1 Qe7 12. Rac1 Rad8 13. Rc2 h6 14. e4 e5 15. dxe5 Nxe5 16. cxd5 Nxf3+ 17. Qxf3 cxd5 18. Nxd5 Nxd5 19. exd5 Bxd5 20. Qf5 g6 21. Qh3 Qg5 22. Bf1 Bf4 23. Re2 Rxe2 24. Bxe2 Re8 25. Bf1 Be4 26. Qd7 1-0

[Event "BL2-Sued 9900"]
[Site "Germany"]
[Date "2000.03.26"]
[Round "8.2"]
[White "Werner, Marc"]
[Black "Karpatchev, Aleksandr"]
[Result "0-1"]
[WhiteElo "2352"]
[BlackElo "2438"]
[PlyCount "78"]
[EventDate "1999.10.10"]
[EventType "team-tourn"]
[EventRounds "9"]
[EventCountry "GER"]
[SourceTitle "CBM 075 Extra"]
[Source "ChessBase"]
[SourceDate "2000.05.11"]
[SourceVersion "2"]
[SourceVersionDate "2000.05.11"]
[SourceQuality "1"]
[WhiteTeam "Sindelfingen"]
[BlackTeam "Bad Mergentheim"]
[WhiteTeamCountry "GER"]
[BlackTeamCountry "GER"]

1. e4 c5 2. Nf3 g6 3. d4 cxd4 4. Nxd4 Bg7 5. c4 Nc6 6. Be3 Nh6 7. Be2 d6 8. Nc3 0-0 9. Qd2 Ng4 10. Bxg4 Bxg4 11. Rc1 Qa5 12. 0-0 Rfc8 13. f3 Bd7 14. b3 a6 15. Rfd1 Rab8 16. Nxc6 Bxc6 17. Nd5 Qxd2 18. Rxd2 Bxd5 19. Rxd5 Bb2 20. Rcd1 Ba3 21. Ba7 Ra8 22. Bf2 f6 23. f4 b5 24. cxb5 axb5 25. Rxb5 Rc2 26. Rb7 Kf7 27. e5 dxe5 28. fxe5 fxe5 29. b4 Bc1 30. Ra7 Rxa7 31. Bxa7 Rxa2 32. Bc5 Rc2 33. h4 Ke6 34. Re1 Rc4 35. Kf1 Bb2 36. g3 Kd7 37. Ke2 Re4+ 38. Kd1 Rxe1+ 39. Kxe1 Bd4 0-1

[Event "BL2-Sued 9900"]
[Site "Germany"]
[Date "2000.01.30"]
[Round "5.2"]
[White "Werner, Marc"]
[Black "Gyimesi, Zoltan"]
[Result "0-1"]
[WhiteElo "2352"]
[BlackElo "2531"]
[PlyCount "52"]
[EventDate "1999.10.10"]
[EventType "team-tourn"]
[EventRounds "9"]
[EventCountry "GER"]
[SourceTitle "CBM 074 Extra"]
[Source "ChessBase"]
[SourceDate "2000.03.10"]
[SourceVersion "2"]
[SourceVersionDate "2000.03.10"]
[SourceQuality "1"]
[WhiteTeam "Sindelfingen"]
[BlackTeam "Eppingen"]
[WhiteTeamCountry "GER"]
[BlackTeamCountry "GER"]

1. e4 c6 2. d3 e5 3. Nd2 g6 4. Ngf3 Bg7 5. b3 d6 6. Bb2 c5 7. g3 Ne7 8. Bg2 0-0 9. 0-0 Nbc6 10. a4 h6 11. Nc4 Be6 12. Nfd2 Nd4 13. Nf3 Qd7 14. Nxd4 exd4 15. Qd2 d5 16. exd5 Bxd5 17. Rfe1 Bxg2 18. Kxg2 Nd5 19. Re2 f5 20. f4 g5 21. Rae1 gxf4 22. gxf4 Rae8 23. Rxe8 Rxe8 24. Bc1 Nxf4+ 25. Kf3 Nh3 26. Kg2 Qc6+ 0-1

[Event "BL2-Sued 9899"]
[Site "Germany"]
[Date "1999.03.21"]
[Round "8.2"]
[White "Beim, Valery"]
[Black "Werner, Marc"]
[Result "1/2-1/2"]
[WhiteElo "2562"]
[BlackElo "2355"]
[PlyCount "74"]
[EventDate "1998.10.18"]
[EventType "team-tourn"]
[EventRounds "9"]
[EventCountry "GER"]
[SourceTitle "GER-chT2"]
[Source "ChessBase"]
[SourceDate "1999.07.01"]
[SourceVersion "1"]
[SourceVersionDate "1999.07.01"]
[SourceQuality "1"]
[WhiteTeam "Tegernsee"]
[BlackTeam "Sindelfingen"]
[WhiteTeamCountry "GER"]
[BlackTeamCountry "GER"]

1. c4 Nf6 2. Nc3 c5 3. Nf3 g6 4. d4 cxd4 5. Nxd4 b6 6. e4 Bb7 7. f3 d6 8. Be2 Bg7 9. 0-0 0-0 10. Be3 Nbd7 11. a4 a5 12. Ndb5 Nc5 13. Qe1 Ne8 14. Bd1 Nc7 15. Nxc7 Qxc7 16. Bc2 Bc6 17. Rd1 Rfe8 18. b3 Rad8 19. Nd5 Bxd5 20. exd5 e5 21. dxe6 Rxe6 22. Qd2 Rde8 23. Rfe1 Qc6 24. Bf2 Rxe1+ 25. Bxe1 Re6 26. Bg3 Qe8 27. Kf1 Be5 28. f4 Bg7 29. Re1 Rxe1+ 30. Bxe1 Qe6 31. Qe2 f5 32. Qxe6+ Nxe6 33. g3 Bd4 34. b4 axb4 35. Bxb4 Bc5 36. Bd2 Kf7 37. Bd1 Nd4 1/2-1/2

[Event "BL2-Sued 9798"]
[Site "Germany"]
[Date "1997.??.??"]
[Round "?.2"]
[White "Zuse, Peter"]
[Black "Werner, Marc"]
[Result "0-1"]
[WhiteElo "2345"]
[BlackElo "2365"]
[PlyCount "62"]
[EventDate "1997.10.??"]
[EventType "team-tourn"]
[EventRounds "9"]
[EventCountry "GER"]
[SourceTitle "EXT 1999"]
[Source "ChessBase"]
[SourceDate "1998.11.16"]
[SourceVersion "1"]
[SourceVersionDate "1998.11.16"]
[SourceQuality "1"]
[WhiteTeam "Heidelberg"]
[BlackTeam "Sindelfingen"]
[WhiteTeamCountry "GER"]
[BlackTeamCountry "GER"]

1. g3 Nf6 2. Bg2 d5 3. Nf3 c6 4. 0-0 Bf5 5. d3 e6 6. c4 Bc5 7. cxd5 cxd5 8. Nc3 Nc6 9. Na4 Bd6 10. Be3 0-0 11. Rc1 Rc8 12. Bc5 h6 13. Qb3 b6 14. Bxd6 Qxd6 15. Nc3 e5 16. Rfd1 Rfd8 17. d4 e4 18. Ne1 h5 19. Nb5 Qd7 20. Rc3 Na5 21. Qb4 Nc4 22. Na3 Nxa3 23. Qxa3 Rxc3 24. bxc3 h4 25. Nc2 hxg3 26. hxg3 Ng4 27. c4 Re8 28. c5 Qb5 29. Bf1 bxc5 30. Qxa7 c4 31. f3 exf3 0-1

[Event "BL2-Sued 9697"]
[Site "Germany"]
[Date "1996.??.??"]
[Round "?.2"]
[White "Farago, Ivan"]
[Black "Werner, Marc"]
[Result "1-0"]
[WhiteElo "2515"]
[BlackElo "2360"]
[PlyCount "81"]
[EventDate "1996.10.??"]
[EventType "team-tourn"]
[EventRounds "9"]
[EventCountry "GER"]
[SourceTitle "GER-chT2"]
[Source "ChessBase"]
[SourceDate "1999.07.01"]
[SourceVersion "1"]
[SourceVersionDate "1999.07.01"]
[SourceQuality "1"]
[WhiteTeam "Regensburg"]
[BlackTeam "Sindelfingen"]
[WhiteTeamCountry "GER"]
[BlackTeamCountry "GER"]

1. d4 d5 2. c4 c6 3. Nf3 Nf6 4. Nc3 e6 5. e3 Nbd7 6. Qc2 Bd6 7. Be2 0-0 8. 0-0 Re8 9. Rd1 Qe7 10. b3 b6 11. Bb2 Bb7 12. Rac1 Rad8 13. h3 h6 14. Bf1 Ba8 15. g3 Rc8 16. Bg2 Red8 17. Qe2 c5 18. cxd5 exd5 19. dxc5 bxc5 20. Nh4 Qe6 21. Qa6 Bb8 22. Qa5 g5 23. Nf3 Qf5 24. Ne2 Ne4 25. g4 Qe6 26. Nd2 Nef6 27. Nf1 h5 28. gxh5 Nxh5 29. Qd2 Ne5 30. e4 f6 31. exd5 Qf5 32. Bxe5 Qxe5 33. Qe3 Ng7 34. Qxe5 Bxe5 35. Ne3 Rd7 36. Ng4 Nf5 37. Be4 Nd6 38. Nxe5 fxe5 39. f3 Kg7 40. Bc2 Nb5 41. Bf5 1-0

[Event "Bundesliga 9596"]
[Site "Germany"]
[Date "1995.??.??"]
[Round "?.6"]
[White "Maus, Soenke"]
[Black "Werner, Marc"]
[Result "1/2-1/2"]
[WhiteElo "2425"]
[BlackElo "2365"]
[PlyCount "97"]
[EventDate "1995.10.14"]
[EventType "team-tourn"]
[EventRounds "15"]
[EventCountry "GER"]
[SourceTitle "GER-chT"]
[Source "ChessBase"]
[SourceDate "1999.07.01"]
[SourceVersion "1"]
[SourceVersionDate "1999.07.01"]
[SourceQuality "1"]
[WhiteTeam "Hamburger SK"]
[BlackTeam "Tuebingen"]
[WhiteTeamCountry "GER"]
[BlackTeamCountry "GER"]

1. e4 c5 2. Nc3 Nc6 3. g3 g6 4. Bg2 Bg7 5. d3 d6 6. Nge2 Rb8 7. 0-0 b5 8. f4 e6 9. e5 Nge7 10. exd6 Qxd6 11. Ne4 Qc7 12. c3 Na5 13. Be3 Nb7 14. a4 Nd5 15. Bf2 f5 16. Ng5 h6 17. Nf3 a6 18. axb5 axb5 19. Nh4 Kf7 20. d4 c4 21. g4 Nd6 22. h3 Bb7 23. Qd2 Nf6 24. Bxb7 Rxb7 25. Nf3 Nde4 26. Qe1 Nd5 27. Ne5+ Bxe5 28. dxe5 b4 29. Bd4 bxc3 30. bxc3 Rhb8 31. Qh4 Kg7 32. gxf5 gxf5 33. Kh1 Kh7 34. Rg1 Qf7 35. Kh2 Rg8 36. Rxg8 Qxg8 37. Rg1 Rg7 38. Rxg7+ Qxg7 39. Qe1 Qb7 40. Qa1 Qg7 41. Qa6 Nxf4 42. Nxf4 Qg3+ 43. Kh1 Qxf4 44. Qxe6 Qf3+ 45. Kg1 Qg3+ 46. Kh1 Qxh3+ 47. Kg1 Qg3+ 48. Kh1 Qf3+ 49. Kg1 1/2-1/2

[Event "Bundesliga 9495"]
[Site "Germany"]
[Date "1995.??.??"]
[Round "?.5"]
[White "Sandor, Christian"]
[Black "Werner, Marc"]
[Result "1/2-1/2"]
[WhiteElo "2420"]
[BlackElo "2360"]
[PlyCount "44"]
[EventDate "1994.10.08"]
[EventType "team-tourn"]
[EventRounds "15"]
[EventCountry "GER"]
[SourceTitle "GER-chT"]
[Source "ChessBase"]
[SourceDate "1999.07.01"]
[SourceVersion "1"]
[SourceVersionDate "1999.07.01"]
[SourceQuality "1"]
[WhiteTeam "Muenchen 36"]
[BlackTeam "Tuebingen"]
[WhiteTeamCountry "GER"]
[BlackTeamCountry "GER"]

1. e4 c5 2. Nf3 d6 3. d4 cxd4 4. Nxd4 Nf6 5. Nc3 Nc6 6. Be3 Ng4 7. Bb5 Nxe3 8. fxe3 Bd7 9. 0-0 e6 10. Bxc6 bxc6 11. Qf3 Qf6 12. Qe2 Qg5 13. Rf3 e5 14. Nxc6 Bxc6 15. Qc4 Kd7 16. Nd5 Bxd5 17. exd5 Rc8 18. Qa4+ Kd8 19. Qxa7 Be7 20. Rxf7 Rxc2 21. Qa8+ Rc8 22. Qa7 Rf8 1/2-1/2

[Event "Bundesliga 9495"]
[Site "Germany"]
[Date "1995.??.??"]
[Round "?.5"]
[White "Werner, Marc"]
[Black "Boensch, Uwe"]
[Result "0-1"]
[WhiteElo "2360"]
[BlackElo "2550"]
[PlyCount "46"]
[EventDate "1994.10.08"]
[EventType "team-tourn"]
[EventRounds "15"]
[EventCountry "GER"]
[SourceTitle "GER-chT"]
[Source "ChessBase"]
[SourceDate "1999.07.01"]
[SourceVersion "1"]
[SourceVersionDate "1999.07.01"]
[SourceQuality "1"]
[WhiteTeam "Tuebingen"]
[BlackTeam "Bayern Muenchen"]
[WhiteTeamCountry "GER"]
[BlackTeamCountry "GER"]

1. e4 c5 2. Nf3 d6 3. d4 cxd4 4. Nxd4 Nf6 5. Nc3 e6 6. g4 h6 7. Bg2 Nc6 8. h3 Nxd4 9. Qxd4 e5 10. Qd3 Be6 11. f4 Qc7 12. f5 Bc4 13. Qg3 d5 14. Nxd5 Nxd5 15. exd5 0-0-0 16. Be3 Bb4+ 17. c3 Bc5 18. 0-0-0 Bxa2 19. Bxc5 Qxc5 20. b4 Qb5 21. d6 Bb3 22. Qd3 Qa4 23. Rd2 Qa1+ 0-1